Mapas geológicos (Record no. 99630)
[ view plain ]
| 000 -LEADER | |
|---|---|
| campo de control de longitud fija | 00562nam a2200181 i 4500 |
| 001 - NÚMERO DE CONTROL | |
| campo de control | 99630 |
| 003 - IDENTIFICADOR DE NÚMERO DE CONTROL | |
| campo de control | ES-MaACL |
| 005 - FECHA Y HORA DE LA ÚLTIMA TRANSACCIÓN | |
| campo de control | 20230906182529.0 |
| 007 - CAMPO FIJO DE DESCRIPCIÓN FÍSICA--INFORMACIÓN GENERAL | |
| campo de control de longitud fija | t| |
| 008 - DATOS DE LONGITUD FIJA--INFORMACIÓN GENERAL | |
| campo de control de longitud fija | 050914s1981 sp ||||1| spa d |
| 100 1# - ENTRADA PRINCIPAL--NOMBRE DE PERSONA | |
| Nombre de persona | Martínez Alvarez, J. A. |
| 9 (RLIN) | 77849 |
| 245 10 - MENCIÓN DEL TÍTULO | |
| Título | Mapas geológicos |
| Resto del título | : explicación e interpretación / |
| Mención de responsabilidad, etc. | J. A. Martínez-Alvarez. |
| 250 ## - MENCION DE EDICION | |
| Mención de edición | 2ª ed. amp. |
| 260 ## - PUBLICACIÓN, DISTRIBUCIÓN, ETC. | |
| Lugar de publicación, distribución, etc. | Madrid : |
| Nombre del editor, distribuidor, etc. | Paraninfo, |
| Fecha de publicación, distribución, etc. | 1981. |
| 300 ## - DESCRIPCIÓN FÍSICA | |
| Extensión | 259 p. : |
| Otras características físicas | 5 gráf. pleg., il. ; |
| Dimensiones | 24 cm. |
| 650 #4 - PUNTO DE ACCESO ADICIONAL DE MATERIA--TÉRMINO DE MATERIA | |
| Término de materia o nombre geográfico como elemento de entrada | Cartografía geológica. |
| 9 (RLIN) | 169075 |
| 852 ## - LOCALIZACIÓN | |
| Ubicación | ES-MaACL |
| Número de control de estantería | L-357 |
| Sublocalización o colección | R.101250 |
| Estatus retirado | Estado de pérdida | Estado de daño | No para préstamo | Biblioteca de origen | Biblioteca actual | Ubicación en estantería | Fecha de adquisición | Fuente de adquisición | Total de préstamos | Signatura topográfica completa | Código de barras | Visto por última vez | Precio de reemplazo | Tipo de ítem Koha |
|---|---|---|---|---|---|---|---|---|---|---|---|---|---|---|
| Biblioteca del Ateneo de Madrid | Biblioteca del Ateneo de Madrid | Depósito 2 | 17/01/2008 | L-357 | 1104031 | 23/02/2023 | 23/02/2023 | Libro impreso |
